| 000 | 00886nam a2200229 a 4500 | ||
|---|---|---|---|
| 005 | 20210223121727.0 | ||
| 008 | 991125s1980 mx 000 0 spa u | ||
| 020 | _a96880046118 | ||
| 035 | _aUPN01000022751 | ||
| 049 | _aSEP | ||
| 050 | 4 |
_aLB2892 _bG7 no.2 |
|
| 100 | 1 | _aQuintero Hernández, José Luis | |
| 245 | 1 | 0 |
_aEstudio de costos unitarios de la educación en las escuelas normales : _bescuelas y centros de capacitación del Estado de Nuevo León / _cJosé Luis Quintero Hernández ; colab. Teresa García Sada ... [et al.]. |
| 260 |
_aMéxico : _bSEP, _c1980. |
||
| 300 | _a171 p. | ||
| 440 | 0 |
_aGrupo de estudios sobre el financiamiento de la educación ; _v2 |
|
| 500 | _aEditado en colaboración SEP, SPP, SHCP | ||
| 650 | 4 |
_aCOSTOS EDUCATIVOS _911419 |
|
| 650 | 4 |
_aESCUELAS NORMALES - _zNUEVO LEON _919024 |
|
| 700 | 1 |
_aGarcía Sada, Teresa, _ecoaut. |
|
| 905 | _aLibro | ||
| 999 |
_c22751 _d22751 |
||